Engineering data for product design. (Record no. 544790)
[ view plain ]
| 000 -LEADER | |
|---|---|
| fixed length control field | 00513cam a22001691 4500 |
| 082 ## - DEWEY DECIMAL CLASSIFICATION NUMBER | |
| Classification number | 620.0042 |
| Author Mark | ENG |
| -- | L-21, P-6 |
| 100 1# - MAIN ENTRY--PERSONAL NAME | |
| Personal name | Greenwood, Douglas C., |
| 9 (RLIN) | 40529 |
| 245 10 - TITLE STATEMENT | |
| Title | Engineering data for product design. |
| Statement of responsibility, etc. | Douglas C. Greenwood |
| 260 ## - PUBLICATION, DISTRIBUTION, ETC. | |
| Place of publication, distribution, etc. | New York, |
| Name of publisher, distributor, etc. | McGraw-Hill, |
| Date of publication, distribution, etc. | 1961. |
| 300 ## - PHYSICAL DESCRIPTION | |
| Extent | ix, 430 p. |
| Other physical details | illus. |
| Dimensions | 29 cm. |
| 526 ## - STUDY PROGRAM INFORMATION NOTE | |
| Program name | 0 |
| Interest level | 0 |
| Reading level | 0 |
| Title point value | 620_004200000000000_ENG |
| 650 #0 - SUBJECT ADDED ENTRY--TOPICAL TERM | |
| Topical term or geographic name entry element | Engineering |
| 650 #0 - SUBJECT ADDED ENTRY--TOPICAL TERM | |
| Topical term or geographic name entry element | Industrial design |
| 9 (RLIN) | 2472 |
| 650 #0 - SUBJECT ADDED ENTRY--TOPICAL TERM | |
| Topical term or geographic name entry element | MCE |
| 9 (RLIN) | 379 |
| 650 #0 - SUBJECT ADDED ENTRY--TOPICAL TERM | |
| Topical term or geographic name entry element | Product design |
| 9 (RLIN) | 18926 |
| 942 ## - ADDED ENTRY ELEMENTS (KOHA) | |
| Source of classification or shelving scheme | |
| Koha item type | Book |
| Withdrawn status | Lost status | Source of classification or shelving scheme | Damaged status | Not for loan | Permanent Location | Current Location | Date acquired | Total Checkouts | Full call number | Barcode | Date last seen | Date last checked out | Price effective from | Koha item type |
|---|---|---|---|---|---|---|---|---|---|---|---|---|---|---|
| Military College of Engineering (MCE) | Military College of Engineering (MCE) | 05/12/2014 | 1 | 620.0042 ENG | MCE-5526 | 05/14/2014 | 05/14/2014 | 05/12/2014 | Book |
